|
|
|
|
| LEADER |
02108cam a2200433Ma 4500 |
| 001 |
ocn648129273 |
| 003 |
OCoLC |
| 005 |
20180501121929.0 |
| 006 |
m o d |
| 007 |
cr cn||||||||| |
| 008 |
990602s2007 flua ob 101 0 eng d |
| 040 |
|
|
|a E7B
|b eng
|e pn
|c E7B
|d OCLCQ
|d OPELS
|d OCLCQ
|d OCLCF
|d OCL
|d OCLCQ
|d DEBBG
|d GrThAP
|
| 020 |
|
|
|a 0120236591
|q (electronic bk.)
|
| 020 |
|
|
|a 9780120236596
|q (electronic bk.)
|
| 035 |
|
|
|a (OCoLC)648129273
|
| 050 |
|
4 |
|a QD151.3
|b .T46 2007eb
|
| 082 |
0 |
4 |
|a 546
|2 23
|
| 049 |
|
|
|a TEFA
|
| 245 |
0 |
0 |
|a Template effects and molecular organization /
|c edited by Rudi van Eldik, Kristin Bowman-James.
|
| 246 |
3 |
0 |
|a Inorganic chemistry
|
| 260 |
|
|
|a Orlando :
|b Academic Press,
|c 2007.
|
| 300 |
|
|
|a 1 online resource (aix, 248 pages) :
|b illustrations.
|
| 336 |
|
|
|a text
|b txt
|2 rdacontent
|
| 337 |
|
|
|a computer
|b c
|2 rdamedia
|
| 338 |
|
|
|a online resource
|b cr
|2 rdacarrier
|
| 490 |
1 |
|
|a Advances in inorganic chemistry ;
|v v. 59
|
| 504 |
|
|
|a Includes bibliographical references and index.
|
| 588 |
0 |
|
|a Print version record.
|
| 520 |
|
|
|a This thematic issue devoted to 'Template Effects and Molecular Organization' is based on a special symposium recently organized by the American Chemical Society in Philadelphia. The authors contributed oral presentations and are experts in their fields. * Each chapter is fully referenced * Contains comprehensive reviews written by leading experts in the field * Includes new information on the important advances in inorganic and bioinorganic chemistry.
|
| 650 |
|
0 |
|a Biochemical templates
|v Congresses.
|
| 650 |
|
0 |
|a Molecular recognition
|v Congresses.
|
| 650 |
|
7 |
|a Biochemical templates.
|2 fast
|0 (OCoLC)fst00831957
|
| 650 |
|
7 |
|a Molecular recognition.
|2 fast
|0 (OCoLC)fst01024829
|
| 655 |
|
4 |
|a Electronic books.
|
| 655 |
|
7 |
|a Conference papers and proceedings.
|2 fast
|0 (OCoLC)fst01423772
|
| 700 |
1 |
|
|a Eldik, Rudi van.
|
| 700 |
1 |
|
|a Bowman-James, Kristin,
|d 1946-
|
| 830 |
|
0 |
|a Advances in inorganic chemistry ;
|v v. 59.
|
| 856 |
4 |
0 |
|u https://www.sciencedirect.com/science/bookseries/08988838/59
|z Full Text via HEAL-Link
|